00604cam a2200181 a 450000100100000000500170001000800410002702000150006804000230008308200190010610000810012524500540020626000560026030000210031644000350033765000240037265000260039600000276520200929150243.0961003s1994 ck 001 p spa  a9586121844 aDO-SdBNPcDLCdDLC aC861.44bV715c1 aVillamizar B., María Ofelia,d1921-1991qMaría Ofelia Villamzar Buitrago10aCantaros de greda /cMaría Ofelia Villamizar B. aBogotá :bInstituto Colombiano de Cultura,c1994. a115 p. ;c19 cm. 0aNorte de SantanderpColcultura 4aPoesía colombiana 4aLiteratura colombiana